000 00508nam a2200181Ia 4500
999 _c14588
_d14588
003 OSt
005 20201113144053.0
008 190216s9999||||xx |||||||||||||| ||und||
020 _a0333921160
040 _coclc
082 _a420
_bKRI/C
100 _aKrishnaswamy, N R
_94132
245 0 _aCurrent English For Colleges /
_cKrishnaswamy ; T Sriraman
260 _bMacmillan,
_c2007.
_aNew delhi:
300 _a168p
650 _aEnglish
942 _cBK
_2ddc
_h420
_iKRI/C
_k420
_mKRI/C